| 000 | 00729cam a2200145 4500500 | ||
|---|---|---|---|
| 005 | 20260201162431.0 | ||
| 041 | _afre | ||
| 042 | _adc | ||
| 100 | 1 | 0 |
_aKaplanian, Patrick _eauthor |
| 245 | 0 | 0 | _aAnne-Marie Blondeau & Ernst Steinkellner, eds, Reflections of the Mountain. Essays on the History and Social Meaning of the Mountain Cult in Tibet and the Himalaya. Wien, Verlag der Österreichischen Akademie der Wissenschaften, 1996, xi + 262 p., ph., cartes (« Veröffentlichungen zur Sozialanthropologie » 2) |
| 260 | _c2002. | ||
| 500 | _a33 | ||
| 786 | 0 | _nL'Homme | 163 | 3 | 2002-07-01 | p. 245q-310q | 0439-4216 | |
| 856 | 4 | 1 | _uhttps://shs.cairn.info/revue-l-homme-2002-3-page-245q?lang=fr&redirect-ssocas=7080 |
| 999 |
_c1643240 _d1643240 |
||